Normal view
MARC view
Entry Personal Name
001 - CONTROL NUMBER
- control field: 25981
003 - CONTROL NUMBER IDENTIFIER
- control field: OSt
005 - DATE AND TIME OF LATEST TRANSACTION
- control field: 20151231164254.0
008 - FIXED-LENGTH DATA ELEMENTS
- fixed length control field: 151231|| aca||aabn | a|a d
040 ## - CATALOGING SOURCE
- Original cataloging agency: OSt
- Transcribing agency: OSt
100 ## - HEADING--PERSONAL NAME
- Personal name: Iyengar, S Kesava
670 ## - SOURCE DATA FOUND
- Source citation: Work cat.: (OSt)36221: Iyengar, S Kesava, A Decade of planned Economy, 1961









